| 000 | 00438nam a22001337a 4500 | ||
|---|---|---|---|
| 082 | _a346.549101 | ||
| 100 | _aMahmood, M. | ||
| 245 |
_aThe Guardians and Wars Act, 1890 (Act No. VIII of 1890): _bwith Allied Enactments / _cM. Mahmood & Jawad Mahmood Pasha |
||
| 260 |
_aLahore : _bAl-Qanoon Publishers, _c2018. |
||
| 300 |
_a488 p. ; _c24 cm. |
||
| 942 |
_2ddc _cBK |
||
| 999 |
_c587221 _d587221 |
||